000 00811nas a2200265 4500
001 BR2012003693
003 BR-BrBNA
005 20231205120603.0
007 ta
008 230509b bl.|||p| |||| 00| 00por d
040 _aBR-BrBNA
_bpor
_cBiblioteca Nacional de Agricultura
041 _a(Pt)
072 _aQ03
100 1 _aReis, C.C.P. dos
100 1 _aCâmara, S.A.V.
245 1 _aPerfil microbiológico do sorvete consumido em Campo Grande, MS
650 _aSORVETE
650 _aMICROBIOLOGIA DE ALIMENTO
650 _aANÁLISE DE LABORATÓRIO
650 _aCONTAMINAÇAO
650 _aESCHERICHIA COLI
773 0 _tHigiene Alimentar (Brazil)
_xISSN 0101-9171
_g(Jan-Feb 2012), v. 26(204-205) p. 164-167
_wBR2012003693
909 _a202311
_bLúcia
_c55
_dLúcia Elande
942 _2AGRIS
_n0
_cANA
999 _c219274
_d219274